Transformácia etanolu na významné chemické medziprodukty
Salvato in:
| Autore principale: | |
|---|---|
| Altri autori: | |
| Natura: | Manoscritto Libro |
| Lingua: | slovacco |
| Pubblicazione: |
2024
|
| Soggetti: | |
| Accesso online: | http://is.stuba.sk/zp/portal_zp.pl?podrobnosti=177386 |
| Tags: |
Nessun Tag, puoi essere il primo ad aggiungerne!!
|
MARC
| LEADER | 00000ntm a22000003a 4500 | ||
|---|---|---|---|
| 001 | stuzp98737 | ||
| 003 | SK-STU | ||
| 005 | 20240601210416.7 | ||
| 007 | ta | ||
| 008 | 150427s2015----xo-----f-mn---000-0-slo-d | ||
| 040 | |a STU |b slo | ||
| 041 | 0 | |a slo | |
| 100 | 1 | |a Kmeťová, Vladimíra |u 048130 |4 aut |U FCHPT Ústav organickej chémie, katalýzy a petrochémie |T FCHPT Oddelenie organickej technológie, katalýzy a ropy |X 104718 |U C8130 |Y 123 |7 104718 | |
| 242 | 0 | 1 | |a Transformation of ethanol to important chemical intermediates |y eng |
| 245 | 1 | 0 | |a Transformácia etanolu na významné chemické medziprodukty |
| 260 | |c 2024 | ||
| 650 | 4 | |a etanol |2 slo | |
| 650 | 4 | |a buta-1,3-dién |2 slo | |
| 650 | 4 | |a zinok |2 slo | |
| 650 | 4 | |a zirkónium |2 slo | |
| 650 | 4 | |a heterogénna katalýza |2 slo | |
| 650 | 4 | |a zirconium |2 eng | |
| 650 | 4 | |a ethanol |2 eng | |
| 650 | 4 | |a 1,3-butadiene |2 eng | |
| 650 | 4 | |a heterogeneous catalysis |2 eng | |
| 650 | 4 | |a zinc |2 eng | |
| 700 | 1 | |a Horváth, Blažej |u 048130 |k Z2 |4 ths |U FCHPT Ústav organickej chémie, katalýzy a petrochémie |T FCHPT Oddelenie organickej technológie, katalýzy a ropy |X 3937 |U C8130 |Y 123 |7 A000003937 | |
| 856 | 4 | |u http://is.stuba.sk/zp/portal_zp.pl?podrobnosti=177386 | |